Statistics for Houston Intercontinental Airport (IAH) Destinations

Click here to take the quiz!

General Stats

  • This quiz has been taken 928 times
    (821 since last reset)
  • The average score is 96 of 184

Answer Stats

HintAnswer% Correct
American, American Eagle, United, United ExpressDallas/Fort Worth
91%
Aeromexico, Aeromexico Connect, Interjet, United, United Express, VolarisMexico City
91%
British Airways, UnitedLondon-Heathrow
90%
Delta Connection, United, United ExpressNew York-Laguardia
90%
Delta, Delta Connection, Frontier Air, Spirit Air, United, United ExpressAtlanta
88%
American, American Eagle, United, United ExpressMiami
88%
Air FranceParis-Charles de Gaulle
88%
Alaska Air, Spirit Air, UnitedSeattle/Tacoma
88%
American Eagle, Spirit Air, United, United ExpressChicago-O'hare
87%
American Eagle, Spirit Air, United, United ExpressLos Angeles
87%
UnitedSan Francisco
87%
Air Canada Express, United ExpressToronto-Pearson
86%
UnitedBoston
85%
Frontier Air, Spirit Air, United, United ExpressOrlando
85%
Spirit Air, UnitedSan Diego
85%
Spirit Air, United, United ExpressSan Jose del Cabo
85%
All Nippon Airways, UnitedTokyo-Narita
85%
Frontier Air, Spirit Air, United, United ExpressDenver
84%
UnitedPortland (OR)
84%
United, United ExpressAustin
83%
Spirit Air, United, United ExpressNew Orleans
83%
UnitedSan Jose (CA)
83%
UnitedSan Jose (CR)
83%
Air ChinaBeijing
82%
Frontier Air, Spirit Air, UnitedLas Vegas
82%
American, United, United ExpressPhoenix
82%
United, United ExpressWashington-Dulles
82%
American, American Eagle, Frontier Air, United, United ExpressPhiladelphia
81%
United, United ExpressWashington-National
81%
United ExpressKansas City
80%
Delta, Delta Connection, United, United ExpressMinneapolis/St. Paul
80%
Air Canada ExpressMontreal-Trudeau
80%
Spirit Air, UnitedTampa
80%
UnitedVancouver
80%
Aeromexico, Spirit Air, UnitedCancun
79%
Delta, Delta Connection, Spirit Air, United, United ExpressDetroit
79%
United, United ExpressSan Antonio
79%
United ExpressJackson (MS)
78%
Air Canada Express, United, United Express, WestJetCalgary
77%
American, United, United ExpressCharlotte
76%
KLM, UnitedAmsterdam
74%
Frontier, United, United ExpressCleveland
74%
United ExpressEl Paso
74%
Lufthansa, UnitedFrankfurt
74%
United, United ExpressNashville
74%
Spirit Air, UnitedNewark
74%
Delta, Delta Connection, United, United ExpressSalt Lake City
74%
United ExpressSt. Louis
73%
United, United ExpressMemphis
72%
Spirit Air, UnitedBaltimore
71%
EmiratesDubai
71%
United ExpressJacksonville
71%
United, United ExpressOklahoma City
71%
United ExpressColumbus (OH)
70%
Frontier Air, United, United ExpressRaleigh/Durham
70%
UnitedRio de Janeiro
70%
UnitedSacramento
70%
Air China, UnitedPanama City
69%
United ExpressPanama City (FL)
69%
United ExpressBirmingham (AL)
68%
Spirit Air, UnitedPittsburgh
68%
UnitedBogota
67%
United, United ExpressIndianapolis
66%
UnitedSao Paulo
66%
Turkish AirlinesIstanbul-Ataturk
65%
Air New ZealandAuckland
64%
UnitedBuenos Aires
64%
United Express, VolarisGuadalajara
64%
UnitedHonolulu
64%
Aeromexico Connect, Interjet, United Express, vivaAerobusMonterrey
64%
Avianca El Salvador, UnitedSan Salvador
64%
Delta Connection, Frontier Air, United ExpressCincinnati
63%
Qatar AirwaysDoha
63%
United, United ExpressAlbuquerque
62%
UnitedHavana
62%
UnitedLima
62%
Bahamasair, United, United ExpressNassau
62%
Singapore AirlinesSingapore
62%
United ExpressLake Charles
61%
United ExpressMilwaukee
61%
United, United ExpressOmaha
61%
United, United ExpressReno/Tahoe
61%
UnitedSantiago de Chile
61%
United ExpressTucson
61%
United ExpressBoise
60%
Spirit Air, UnitedFort Lauderdale
60%
United ExpressLittle Rock
60%
UnitedAnchorage
59%
UnitedEdmonton
59%
United ExpressColorado Springs
58%
United ExpressLouisville
58%
Spirit AirOakland
58%
United, United ExpressTulsa
58%
UnitedSydney
57%
United ExpressAmarillo
55%
United ExpressDes Moines
55%
United ExpressCharleston (SC)
54%
United ExpressCharleston (WV)
54%
EVA AirTaipei-Taoyuan
54%
United ExpressWichita
54%
United ExpressBaton Rouge
53%
UnitedGuatemala City
53%
UnitedMunich
52%
United ExpressLubbock
51%
United ExpressMobile
51%
UnitedSan Juan
51%
United ExpressSavannah
51%
Singapore AirlinesManchester (UK)
49%
UnitedQuito
48%
United ExpressRichmond
47%
UnitedCaracas
45%
United ExpressColumbia (SC)
45%
United ExpressCorpus Christi
45%
United, United ExpressFort Myers
45%
United ExpressKnoxville
45%
UnitedOrange County
44%
United ExpressShreveport
44%
United ExpressSpringfield/Branson
43%
UnitedManagua
42%
UnitedBelize City
41%
United ExpressBrownsville
41%
United ExpressHartford
40%
United ExpressNorfolk
40%
UnitedTegucigalpa
40%
United ExpressGrand Rapids
39%
United ExpressLaredo
39%
United ExpressAspen
38%
United, United ExpressMcAllen
37%
United ExpressMidland-Odessa
37%
United ExpressPensacola
36%
United ExpressFayetteville/Bentonville
35%
United ExpressHuntsville
35%
UnitedPuerto Vallarta
35%
United ExpressGulfport/Biloxi
34%
United ExpressLexington
34%
United, Vacation ExpressPunta Cana
34%
United ExpressWest Palm Beach
34%
United ExpressLafayette
33%
UnitedMontego Bay
32%
UnitedEagle/Vail
31%
United ExpressAcapulco
30%
UnitedAruba
29%
United ExpressPalm Springs
29%
United ExpressBozeman
28%
Spirit Air, UnitedSan Pedro Sula
28%
United, United ExpressJackson Hole
27%
UnitedCozumel
26%
United ExpressGreenville/Spartanburg
25%
UnitedMerida
24%
UnitedPort of Spain
24%
United ExpressCollege Station
23%
United ExpressLeón/Del Bajío
22%
United ExpressHarlingen
21%
UnitedHayden/Steamboat Springs
21%
United ExpressMonroe
21%
Texas Sky AirlinesVictoria (TX)
21%
United ExpressAlexandria
20%
United ExpressMazatlan
19%
United ExpressOaxaca
19%
United ExpressChihuahua
18%
United ExpressVeracruz
18%
United ExpressAguascalientes
17%
United ExpressKilleen/Fort Hood
17%
United ExpressPuebla
17%
United ExpressRapid City
17%
Avianca El Salvador, UnitedRoatan
17%
United, United ExpressSt. Thomas
17%
UnitedBonaire
16%
UnitedGrand Cayman
16%
United, United ExpressMontrose
15%
United, United ExpressIxtapa/Zihuatanejo
14%
United ExpressFort Walton Beach
13%
UnitedProvidenciales
12%
United ExpressQuerétaro
11%
United, United ExpressGunnison/Crested Butte
10%
United ExpressSan Luis Potosí
10%
United ExpressTampico
10%
United ExpressHobbs
7%
United ExpressMorelia
7%
United ExpressHuatulco
4%
United ExpressVillahermosa
4%
United ExpressCiudad del Carmen
3%
UnitedLiberia (CR)
2%
United ExpressManzanillo
2%

Score Distribution

Percentile by Number Answered

Percent of People with Each Score

Your Score History

You have not taken this quiz since the last reset